LEADER 01229nam a2200265 i 4500 001 000000228471 003 CaOOAMICUS 005 20140331000000.0 008 140331s2011 it u000 u ita u 013 $a207373 020 $a978-88-5750-940-2 040 $aSeMil$bita 100 1 $aLe Moli, Andrea <1973- >.$0(OLS)http://semarc/name/44707 245 10$aHeidegger: soggettività e differenza :$bquestione dell'uomo e impegno ontologico /$cAndrea Le Moli. 260 $aMilano :$bMimesis,$c2011. 300 $a228 p. ;$c21 cm. 490 0 $aLa scala e l'album : la scienza ricercata : saggi e testi ;$v11 600 14$aHeidegger, Martin <1889-1976>.$0(OLS)http://semarc/subject/986 830 3$aLa scala e l'album : la scienza ricercata : saggi e testi ;$v11.$0(OLS)http://semarc/title/28360 850 $aSeMil 852 $aSeMil$W1$xVenegono$y1$m2P VII 73$j178817$B178817$CSeMilBibl$Z2$F189786 $81 961 $aAcquisto: LI.CO.SA 996 $6020$a978-88-5750-940-2$9(OLS)http://semarc/number/230569 996 $6245$aHeidegger: soggettività e differenza :$bquestione dell'uomo e impegno ontologico$9(OLS)http://semarc/title/327051 996 $6260$aMilano :$bMimesis$9(OLS)http://semarc/publisher/31844 LEADER 01172nam a2200241 i 4500 001 000000184142 003 CaOOAMICUS 005 20250212113744.0 008 091217s1959 it u000 u ger u 040 $aSeMil$bita 100 1 $aGrisar, Josef,$c.$0(OLS)http://semarc/name/67696 245 14$aDie ersten Anklagen in Rom gegen das Institut Maria Wards (1622) /$cvon Josef Grisar. 264 1$aRoma :$bPontificia Università Gregoriana,$c1959. 300 $aXX, 265 p. ;$c25 cm. 490 1 $aMiscellanea Historiae Pontificiae ;$v22. 600 14$aWard, Mary .$0(OLS)http://semarc/subject/11122 650 4$aIstituto della Beata Vergine Maria .$0(OLS)http://semarc/subject/34788 830 0$aMiscellanea Historiae Pontificiae ;$v22.$0(OLS)http://semarc/title/24 850 $aSeMil 852 $aSeMil$W1$xVenegono$y1$m3TA M 22$j254454$B134838$CSeMilBibl$Z2$F146487 $81 996 $6245$aDie ersten Anklagen in Rom gegen das Institut Maria Wards (1622)$9(OLS)http://semarc/title/264306 996 $6264$aRoma :$bPontificia Università Gregoriana$9(OLS)http://semarc/publisher/29750